02224cam a2200361 a 4500952013600000999001700136001000900153003000400162005001700166008004100183010001700224020001500241025002700256037006300283040001400346042001000360043001200370082001900382100002400401111005700425245005600482260005500538300001000593504004100603505077400644520018501418651004501603651004901648700002001697710005601717906004501773942004401818 00102ddc40708ECONOMICSaMESbMEScECO d2019-02-20g600.00l0o330.954 KHA/Ep32611r2019-02-20 00:00:00w2019-02-20yBKzGL3R5 c10981d1098114019210OSt20191220151047.0050629s2005 ii a b 100 0 eng  a 2004314938 a0070588112 aI-E-2004-314938; 79-08 bLibrary of Congress -- New Delhi Overseas OfficecRs600.00 aDLCcoclc alcode aaz----- a330.954bKHA/E 9626aKhan, Mohsin S2 aSANEI Conferencen(4th :d2002 :cDhaka, Bangladesh)10aEconomic development in South Asia /cMohsin S Khan aNew Delhi :bTata McGraw-Hill Pub. Co. Ltd,c2005. a437 p aIncludes bibliographical references.0 aEconomic development in South Asia : an overview / Mohsin S. Khan -- Exports and economic growth in South Asia / A.R. Kemal, Musleh ud Din, Usman Qadir -- Informal trade in India, Nepal, and Sri Lanka / Nisha Taneja ... [et al.] -- Reforms and power sector in South Asia : scope and challenges for cross-border trade / Mahendra P. Lama, Q.K. Ahmad, Mohan Man Sainju -- The economics of pensions and social security in South Asia / S. Irudaya Rajan ... [et al.] -- Causes of fertility decline in India and Bangladesh / S. Mahendra Dev, K.S. James, Binayak Sen -- Gender and local governance : a new discourse in development / Ishrat Shamim, Ranjana Kumari -- An economic analysis of mangroves in South Asia / V. Santhakumar, A.K. Enamul Haque, Rabindranath Bhattacharya. aContributed articles on economic policy in South Asia presented at Fourth Annual SANEI Conference at Dhaka, in 2002 initiated by South Asia Network of Economic Research Institutes. 0aSouth AsiaxEconomic policyvCongresses. 0aSouth AsiaxEconomic conditionsvCongresses.1 aKhan, Mohsin S.2 aSouth Asia Network of Economic Research Institutes. a7bcbccorigoded3encipf20gy-gencatlg 2ddccBKh330.954iKHA/Ek330.954mKHA/E